000 00688nam a2200181Ia 4500
008 090124s9999 xx 000 0 und d
082 _b20291
_a2345
100 _aगडकरी राम गणेश (गोविंदाग्रज)
245 _a संगीत अेकच प्याला
250 _a5
260 _c1928
300 _a128+6
600 _aगडकरी राम गणेश (गोविंदाग्रज)
630 _a संगीत अेकच प्याला
700 _aगडकरी राम गणेश (गोविंदाग्रज)
730 _a संगीत अेकच प्याला
942 _cBOOK
999 _c134097
_d134097